Images : Les meubles en héraldique (2) - Statistiques

Statistiques générales
  • Ce quiz a été pris 35 fois
  • Le résultat moyen est 17 sur 50
Statistiques - réponses
Par images Hint Réponse % Correct
Quel est cet astre ? {Lune}
83%
Quel est cet animal ? {Aigle}
74%
Quel est cet animal ? {Crevette}
74%
Quel est le nom de ce végétal ? {Fleur} de {lys}
74%
Quel est cet objet ? {Clé}
70%
Qu'est ce meuble ? {Fontaine}
70%
Quel est le nom de ce meuble ? {Ancre}
65%
Quel est cet animal ? {Chèvre}
65%
Quel est ce casque ? {Heaume}
65%
Quel est cet oiseau ? {Pélican}
65%
Quelle est cette créature ? {Sirène}
65%
Quel est cet animal ? {Dauphin}
61%
Quel est cet animal ? [Lynx}
57%
Quel est cet animal ? {Bouquetin}
52%
Quelle est cette créature ? {Phénix}
52%
Quelle est cette créature ? {Dragon}
48%
Quel est cet animal ? {Léopard} passant
48%
Quel est ce jeune animal ? {Lionceau}
48%
Quelle est cette fleur ? {Lys}
48%
Quel est ce poisson ? {Carpe}
43%
Ce loup est dit... {courant}
43%
Quelle est cette croix ? Croix de {Jérusalem}
43%
Comment se nomme cette figure géométrique ? {Triangle}
43%
Nom exact de cet animal {Agneau} {pascal}
39%
Comment se nomme ce bras ? {Dextrochère}
30%
Comment se nomme ce dessin ? {Gerbe}
30%
Quelle est cette croix ? Croix {potencée}
26%
Comment se nomme ce jeune aigle ? {Alérion}
22%
Quel est ce végétal ? {Grenade}
22%
Quel est le nom exact de ce végétal ? {Fleur} de {lys} {florencée}
17%
Comment se nomment ces "cornes" ? {Massacre}
17%
Quelle est cette croix ? Croix {gironnée}
13%
Quelle est cette croix ? Croix {grecque}
13%
Quelle est cette croix ? Croix {pattée} alésée et arrondie
9%
Comment se nomme ce serpent ? {Guivre}
9%
Comment se nomme ce meuble ? {Lambel}
9%
Quel est cet animal en héraldique ? {Limaçon}
9%
Que représente cette figure ? {monde}
9%
Quel est cet animal ? {Panthère}
9%
Comment se nomme ce végétal stylisé ? {Quintefeuille}
9%
Quelle est cette croix ? Croix {ancrée}
4%
Ce cygne est dit... {essorant}
4%
Ce lion est dit à la queue... {fourchue}
4%
Quel est ce poisson ? {Loche}
4%
Sous un immeuble, c'est un ... ? {Tertre}
4%
Comment appelle-t-on ce personnage ? {Aquilon}
0%
Quelle est cette créature ? {Cheval} {mariné}
0%
Quelle est cette croix ? Croix {cléchée} et évidée
0%
Quelle est cette croix ? Croix {fourchée}
0%
Cette aigle est dite... {mornée}
0%
Aucun quiz correspondant
Distribution des résultats
% des personnes avec chaque résultat
Percentile par nombre de réponses
Votre historique - résultats
Vous n’avez pas pris ce quiz